000
00288nam a2200097Ia 4500
082
_a
591.57 BAM
245
0
_a
Masquerade : the story of my life
100
_a
JACOBS, Rayda Roggebaai [South Africa], 2008 1st ed
_9
78102
942
_c
BK
008
210817s9999 xx 000 0 und d
999
_c
269220
_d
269219